Historical writing on the peoples of Asia: (Record no. 22886)

MARC details
000 -LEADER
fixed length control field 01340cam a22002891 4500
001 - CONTROL NUMBER
control field 4057542
003 - CONTROL NUMBER IDENTIFIER
control field BDDh-ASL
005 - DATE AND TIME OF LATEST TRANSACTION
control field 20231015030153.0
008 - FIXED-LENGTH DATA ELEMENTS--GENERAL INFORMATION
fixed length control field 960909m19611962enk 000 0 eng
010 ## - LIBRARY OF CONGRESS CONTROL NUMBER
LC control number 61004093
040 ## - CATALOGING SOURCE
Original cataloging agency DLC
Transcribing agency DLC
Modifying agency DLC
-- BDDh-ASL
043 ## - GEOGRAPHIC AREA CODE
Geographic area code a------
050 00 - LIBRARY OF CONGRESS CALL NUMBER
Classification number DS32.5
Item number .L6
051 ## - LIBRARY OF CONGRESS COPY, ISSUE, OFFPRINT STATEMENT
Classification number DS32.5
Item number .L6 Copy 2
Copy information Copy 2.
082 00 - DEWEY DECIMAL CLASSIFICATION NUMBER
Classification number 950.072
Item number HIS
110 2# - MAIN ENTRY--CORPORATE NAME
Corporate name or jurisdiction name as entry element University of London.
Subordinate unit School of Oriental and African Studies.
245 10 - TITLE STATEMENT
Title Historical writing on the peoples of Asia:
Remainder of title Historians of China and Japan /
260 ## - PUBLICATION, DISTRIBUTION, ETC.
Place of publication, distribution, etc. London :
-- New York,
Name of publisher, distributor, etc. Oxford University Press,
Date of publication, distribution, etc. 1961-1962.
300 ## - PHYSICAL DESCRIPTION
Extent 351 p. :
Dimensions 25 cm.
504 ## - BIBLIOGRAPHY, ETC. NOTE
Bibliography, etc. note Includes bibliographical references and indexes.
505 0# - FORMATTED CONTENTS NOTE
Formatted contents note [1] Historians of India, Pakistan and Ceylon, edited by C.H. Philips.--[2] Historians of South East Asia, edited by D.G.E. Hall.--[3] Historians of China and Japan, edited by W.G. Beasley.--[4] Historians of the Middle East, edited by Bernard Lewis.
651 #0 - SUBJECT ADDED ENTRY--GEOGRAPHIC NAME
Geographic name Asia
General subdivision Historiography.
710 2# - ADDED ENTRY--CORPORATE NAME
Corporate name or jurisdiction name as entry element Thomas Leiper Kane Collection (Library of Congress. Hebraic Section)
Institution to which field applies DLC
906 ## - LOCAL DATA ELEMENT F, LDF (RLIN)
a 7
b cbc
c orignew
d u
e ocip
f 19
g y-gencatlg
942 ## - ADDED ENTRY ELEMENTS (KOHA)
Source of classification or shelving scheme Dewey Decimal Classification
Koha item type Books
Holdings
Withdrawn status Lost status Source of classification or shelving scheme Damaged status Not for loan Collection code Home library Current library Shelving location Date acquired Source of acquisition Total Checkouts Full call number Barcode Date last seen Copy number Price effective from Koha item type Public note
    Dewey Decimal Classification     Non-fiction Asiatic Society Library Asiatic Society Library General Stacks 03/06/2021 ASB Library Collections   950.072 HIS 107216 03/06/2021 C-1 03/06/2021 Books RARE

Powered by Koha